[Event "FIDE World Cup"]
[Site "Khanty-Mansiysk"]
[Date "2005.11.29"]
[Round "1.3"]
[White "Lautier, Joel"]
[Black "Pridorozhni, Aleksei"]
[Result "1-0"]
[WhiteElo "2680"]
[BlackElo "2506"]
[Annotator "Roiz,M"]
[PlyCount "97"]
[EventDate "2005.11.27"]
[EventType "k.o."]
[EventRounds "7"]
[EventCountry "RUS"]
[SourceTitle "CBM 111"]
[Source "ChessBase"]
[SourceDate "2006.04.04"]
[SourceVersion "1"]
[SourceVersionDate "2006.04.04"]
[SourceQuality "1"]

1. d4 d5 2. c4 c6 3. Nf3 e6 4. e3 f5 5. Bd3 Nf6 6. O-O Bd6 7. b3 Qe7 8. Bb2 O-O
9. Nc3 {This system gains some popularity nowadays. White delivers the knight
to e2, there it has more perspectives than on d2. However, in my opinion, this
plan is too slow and allows black to equalize by accurate play.} ({The main
line here is:} 9. Qc1 {[%cal Gb2a3] intending to swap the dark-squared bishops.
}) 9... Ne4 10. Ne2 Nd7 {Completing development and taking control of the
''e5'' square.} ({Deserves attention also:} 10... Rf6 $5 {[%cal Gf6h6]
transfering the rooks to the king-side} 11. Ne5 Rh6 12. f4 Nd7 13. Bxe4 fxe4
14. Qe1 Nf6 15. Qg3 Bd7 16. h3 Rf8 $132 {0-1 Shariyazdanov,A-Galkin,A/Sochi
2004/EXT 2005 (39)}) 11. Rc1 $146 {White is not hurrying with the Nf3-e5
manoevre which usually leads to some simplifications. However, white's last
move may be useful only in case of opening the ''c'' file, so black can
comfortably complete his development.} ({Black has successfully solved his
opening problems after:} 11. Ne5 Nxe5 12. dxe5 Bc7 13. Qc2 Bd7 14. Rac1 Rfc8
15. f3 Bb6 16. Nd4 Nc5 17. Be2 a5 18. Rfd1 Na6 19. Qd2 {1/2-1/2 Tkachiev,
V-Grischuk,A/New Delhi/Teheran 2000/CBM 080}) 11... a5 {A typical idea - black
prevents white from seizing a lot of queen-side space by c4-c5, followed by
b3-b4. As well, after 11.Rc1 black may try to seize the ''a'' file after
advancing the Pa5.} ({There was nothing wrong also with immediate} 11... b6 $5)
12. Qc2 b6 13. Ne5 {It's very difficult to make progress without that move.} ({
White achieves nothing after} 13. cxd5 cxd5 14. Ne5 Bb7 $11 {[%cal Ga8c8]})
13... Bb7 {This natural move wasn't necessary - the Bb7 sometimes may become
passive.} ({I would prefer:} 13... Nxe5 14. dxe5 Bc5 15. Nd4 Bd7 $11 {and like
in Tkachiev-Grischuk, white cannot really profit from controlling the ''d4''
square.}) 14. Nf4 ({After} 14. Nxd7 Qxd7 15. f3 Nf6 16. c5 bxc5 17. dxc5 Bc7
$132 {[%cal Ge6e5,Gb7a6] black's position would be solid enough.}) 14... Rac8 (
{Now after} 14... Nxe5 15. dxe5 Bc5 16. Bd4 $14 {white's position would be
preferable.}) 15. f3 Ng5 {This retreat is quite logical - the knight may be
delivered to f7, there it will control the central ''e5'' square.} ({Possible
was also:} 15... Nef6 16. Qf2 c5 {and black is close to equality.}) 16. Kh1 ({
An attempt to take control of the dark squares fails to:} 16. Nxd7 Qxd7 17. c5
$6 bxc5 18. dxc5 Bc7 19. Nh5 e5 20. f4 Ne4 21. fxe5 Qe7 $15) 16... Nxe5 17.
dxe5 Bb8 {This retreat looks passive, but it's important to keep the Pe5 under
control.} (17... Bc5 18. Bd4 Ba3 19. Rcd1 Nf7 20. Qf2 $14) 18. Ne2 {Making the
f3-f4 advancement possible.} ({Nothing promised:} 18. c5 Nf7 19. cxb6 Nxe5 20.
Qc3 Bd6 $132 {and black is at least not worse.}) ({An interesting alternative
was:} 18. Bd4 $5 Nf7 ({after} 18... c5 19. Bb2 $14 {[%csl Rd5] white's
pressure becomes significant}) 19. cxd5 Nxe5 (19... cxd5 20. Qb2 $14 Rxc1 $140
21. Rxc1 Rc8 22. Rg1 $1 $36 {[%cal Gg2g4]}) 20. dxe6 $1 {That tackle is
probably the best choice-it's important to keep the dark-squared bishop on the
board.} ({after} 20. Bxe5 Bxe5 21. dxe6 (21. Nxe6 $4 cxd5 $19 {[%csl Rc2,Re6]})
21... g6 22. Rfd1 Rcd8 $44 {it looks like black has a comfortable compensation
for the pawn.}) 20... Nxd3 21. Qxd3 c5 22. Bb2 Rcd8 23. Qc3 $14 {and white's
chances are slighty better.}) 18... Nf7 19. f4 c5 {Exploiting some weaknesses
of the long diagonal.} ({I can also recommend another redaction of the same
idea:} 19... Nh6 $5 20. h3 c5) 20. cxd5 ({Pointless is:} 20. Nc3 $6 Nh6 21.
cxd5 exd5 {and black has consolidated, while white's pieces are not really
coordinated.}) 20... Bxd5 ({A tactical attempt to activate the pieces fails to:
} 20... Nh6 $2 21. d6 $1 Qh4 {[%cal Gh6g4]} 22. Ng1 $1 Ng4 23. Nf3 Bxf3 24.
gxf3 Nxe3 25. Qf2 Qxf4 26. Rg1 $16 {[%csl Rb8] and white gets a winning
position from strategical point of view.}) 21. Ng3 ({After} 21. Nc3 Bb7 22. e4
Nh6 $132 {the Nc3 is too far away from the king-side.}) 21... Nh6 22. e4 {
That advancement is more or less necessary, since the pressure of Bd5 is very
unpleasant.} Bb7 $6 {A strange decision - there was no reason for such a
passive strategy!} ({After the most natural} 22... fxe4 23. Nxe4 ({Inaccurate
would be:} 23. Bxe4 $6 Qh4 $1 24. Bxd5 exd5 $36 {[%csl Rf4][%cal Gh6g4,Gf8f4]})
23... Nf5 ({good enough is also:} 23... Qh4 $5 24. Qf2 Qxf2 25. Rxf2 Rcd8) 24.
Qe2 Rcd8 $11 {/=/+ black's position would be by no means not worse.}) 23. Qe2 (
{An unclear position could arise after} 23. exf5 Qh4 {[%cal Gh6g4]} (23... Ng4
$2 24. f6 gxf6 25. exf6 Nxf6 26. Rce1 $16) 24. Be2 (24. Rfe1 Ng4 25. Nf1 Nf2+
26. Kg1 Nxd3 27. Qxd3 Qxf4 $36) 24... exf5 $13) 23... Ng4 {This move is not
that bad, but it was connected with a wrong idea!} ({After} 23... Rcd8 24. Bc4
Kh8 25. exf5 Nxf5 26. Nxf5 Rxf5 27. Bd3 Rff8 28. Rcd1 $14 {white's position is
slighty better due to his preferable pawn structure.}) ({But deserved
attention also:} 23... Kh8 $5) 24. Rf3 Qh4 {Black's pieces are quite active,
but they cannot create real threats.} ({Maybe more accurate would be:} 24...
Rcd8 25. h3 Nh6 $14 (25... Qh4 26. Rcf1 $14)) 25. h3 g5 $2 {[%mdl 8192] A
terrible move which leads to an immediate disaster. Aleksei has probably
overlooked white's simple aswer.} ({At the same time, after} 25... Rcd8 26. Kg1
(26. Bc3 Nh6) 26... Nh6 27. Rcf1 Kh8 28. Bc3 $14 {white's position would be
only slighty better.}) 26. Bc4 $1 {Now the Pe6 falls, so the Kg8 becomes
extremely weak.} fxe4 ({Hopeless was also:} 26... Rce8 27. Nxf5 Rxf5 28. exf5
$18) 27. Bxe6+ Kg7 ({Or} 27... Kh8 28. Bxc8 Bxc8 29. e6+ Kg8 30. e7 $18 {
[%cal Ge2c4]}) 28. Nxe4 $18 {The most simple.} Bxe4 29. Qxe4 Nf2+ 30. Rxf2 Qxf2
31. Bxc8 Qxb2 32. Rd1 {White has a material advantage, while the Kg7 is going
to be mated very soon. However, in rapid chess the resignation usually comes
late!} Rf7 (32... Rxc8 33. Rd7+ Kf8 34. Qf5+ Kg8 35. Qf7+ Kh8 36. Qxh7#) 33.
Be6 Rxf4 {Now black is losing his bishop, but there was no choice.} 34. Qb7+
Kh6 35. Qxb8 ({More effect would be:} 35. Bf5 $1 {[%cal Cf4f5,Gb7h7]} Rxf5 36.
Qc6+ Kh5 (36... Kg7 37. Rd7+ Rf7 38. Qf6+ $18) 37. g4+ Kh4 38. Rg1 $1 {[%cal
Gc6h6] with an unavoidable mate.}) 35... Qe2 36. Qd6 {There is no perpetual
check! The rest is just an agony.} Rf1+ 37. Rxf1 Qxf1+ 38. Kh2 Qf4+ 39. Kg1
Qc1+ 40. Kf2 Qf4+ 41. Ke2 Qe4+ 42. Kf2 Qf4+ 43. Ke2 Qe4+ 44. Kd2 Qxg2+ 45. Kc1
Kh5 46. Qd1+ Kh6 47. Bg4 Qxa2 48. Qd6+ Kg7 49. Qf6+ 1-0

[Event "GER-ch 76th"]
[Site "Altenkirchen"]
[Date "2005.02.26"]
[Round "9"]
[White "Solonar, Stefan"]
[Black "Scherer, Max"]
[Result "0-1"]
[WhiteElo "2393"]
[BlackElo "2325"]
[Annotator "Roiz,M"]
[PlyCount "56"]
[EventDate "2005.02.18"]
[EventType "swiss"]
[EventRounds "9"]
[EventCountry "GER"]
[SourceTitle "CBM 106"]
[Source "ChessBase"]
[SourceDate "2005.06.06"]
[SourceVersion "1"]
[SourceVersionDate "2005.06.06"]
[SourceQuality "1"]

1. Nf3 b6 2. g3 Bb7 3. Bg2 e6 4. O-O f5 5. c4 Nf6 6. d4 Bd6 {A very original
way of development. Usually black puts his dark-squared bishop on d6 only
after advancing his ''d'' pawn.} ({The normal alternatives are:} 6... Be7) (
6... g6) 7. Nc3 {A natural developing move. It seems like white may easily
seize a lot of space by advancing d4-d5,since black is not prepared well for
that.} ({Good enough are also:} 7. a3 O-O 8. b4 a5 9. b5 Qe8 10. e3 Be7 11. Nc3
Ne4 12. Ne2 d5 13. Nf4 Bd6 14. cxd5 Bxf4 15. exf4 Bxd5 16. a4 $14 {1-0 Sergeev,
V-Chernyshov,K/Czechia 2001/EXT 2003 (107)}) ({and} 7. d5 O-O 8. Nd4 Be5 9. Nc3
Na6 10. dxe6 Bxg2 11. Kxg2 Bxd4 12. e7 Qxe7 13. Qxd4 Qc5 14. Be3 Qxd4 15. Bxd4
Ne4 16. Rfd1 Nxc3 17. Bxc3 Nc5 18. b4 Ne4 19. Be1 d6 20. a4 $14 {1-0 Krivoshey,
S-Jamrich,G/Balatonlelle HUN 2004/The Week in Chess 509 (58)}) 7... O-O 8. b3 {
That move is not bad at all,but it looks like white should play more
energetically in order to reach a serious advantage.} ({The following
alternatives:} 8. Bg5 $5) ({and} 8. d5 $5 {are more ambitious.}) 8... Nc6 $6
$146 {I don't like that unnatural move-transfering the knight to e7 is not the
best plan in such a positions,since there it has no good perspectives.} ({
More to the point was:} 8... Ne4 $142 9. Nxe4 Bxe4 10. Ne5 $6 Bxg2 11. Kxg2
Bxe5 12. dxe5 Nc6 13. f4 Rf7 14. Ba3 Qb8 15. e3 a6 16. Qe2 Qb7 17. Kf2 b5 $15 {
0-1 Funke,D-Bunzmann,D/Boeblingen 1998/EXT 2001 (60)}) 9. Bb2 {White has
completed a comfortable development.} ({Deserved attention also:} 9. Nb5 $5 Ne4
(9... Be7 $6 10. Bf4 $36) 10. Nd2 (10. Nxd6 cxd6 11. Bb2 $14) 10... Nxd2 11.
Bxd2 $14) 9... Ne7 10. Qc2 {That move allows black to regroup his pieces and
take control of e4.} ({White could cause more problems by agressive:} 10. Nb5
$1 Ne4 11. Ng5 $36 {/+/-}) 10... Bb4 $1 {An important manoevre. Now black has
a bit worse but very solid position.} 11. Nd1 {An interesting idea. White
avoids an exchane of his knight,as it more useful in the fight for a central
squares than black's dark-squared bishop.} (11. Rfd1 $5) 11... Be4 (11... Ng6
12. a3 Be7 13. Nc3 Ne4 14. Ne5 $1 Nxe5 15. dxe5 Nc5 16. Bxb7 Nxb7 17. Rad1 $14
{[%csl Rb7,Rd7]}) 12. Qc1 c6 {A good profilactic move-now the Bb4 cannot be
trapped. At the same time,now black couldn't avoid an exchange of his Be4,as
there is no more way of retreat.} 13. a3 ({An attempt to exploit some
vulnerablity of Bb4 fails to:} 13. c5 bxc5 14. dxc5 Ned5 15. a3 Ba5 16. b4 Bc7
$132 {and black has a comfortable position.}) 13... Bd6 14. Nc3 Bc7 15. Rd1 {
A useless move,since i can hardly see any case,there the ''d'' file may be
opened.} ({Better was the natural:} 15. Nxe4 Nxe4 (15... fxe4 $2 16. Ng5 $18 {
[%csl Re4]}) 16. Ne5 d6 17. Nd3 Qd7 18. f3 Nf6 19. e4 $14) 15... Rc8 (15... h6
16. Bf1 $1 {[%csl Re4][%cal Gf3d2]} Bxf3 $140 17. exf3 $14) 16. e3 $6 {After
that careless move white couldn't avoid an exchange at e4,since an idea of
Bg2-f1 is not relevant anymore.} (16. Nxe4 $142 Nxe4 17. Ne5 $14) 16... h6 $1 {
An important profilactic move which allows black to take at e4 with the Pf5.}
17. Nxe4 fxe4 18. Nd2 (18. Ne5 Qe8 (18... d6 $2 19. Bh3 $16) 19. c5 Qh5 $15 {
[%csl Rb2,Rg2]}) 18... d5 {Black has successfully solved his problems. Now
white's bishops are not powerful,while black may start some active operations
on the king-side.} 19. f4 $2 {White is trying to activate his bishops,but that
weakening the pawns chain around the Kg1 and gives black an excellent
attacking prospects.} ({There was a good time for regrouping the pieces:} 19.
Rf1 $142 Nf5 20. Qd1 $11 {[%cal Gd1e2,Ga1c1] the arising position looks
approximately equal.}) 19... exf3 20. Bxf3 Nf5 $36 {[%csl Re3,Rg3] Now the
drawback of 15.Rf1-d1 is obvious.} 21. e4 $2 {That optimistic move makes
white's position critical.} ({Necessary was:} 21. Qc3 Nd7 $1 {[%cal Gd8g5]
freeing a way for Qd8.} 22. e4 $140 (22. Bg2 Qg5 23. e4 (23. Re1 Nxg3 $40)
23... Ne3 24. Re1 Nxg2 25. Kxg2 Qg4 $36) (22. Kh1 Qg5 23. e4 Nxd4 24. exd5 Be5
$36) 22... Nxd4 $1 23. Qxd4 Be5 24. Qxe5 Nxe5 25. Bxe5 Qg5 26. Bd4 e5 (26...
dxc4 $5 {[%cal Gc8d8]}) 27. Bf2 d4 $17) 21... dxe4 22. Nxe4 Nxe4 23. Bxe4 Bxg3
$6 ({Another sacrifice was even stronger:} 23... Nxg3 $142 $1 24. hxg3 Bxg3 {
[%cal Gd8h4]} 25. Rf1 $8 Bf4 $1 26. Rxf4 (26. Qc2 Qg5+ 27. Bg2 Be3+ 28. Kh2
Qh4+ 29. Bh3 Bf4+ 30. Rxf4 Rxf4 $19) (26. Qc3 Qh4 27. Rxf4 Rxf4 $19) 26... Qg5+
27. Bg2 Rxf4 $19 {[%cal Gc8f8] with a decisive attack.}) 24. hxg3 Nxg3 25. Qe3
$2 {That leads to an immediate loss.} ({The only defence was:} 25. Re1 $142 $1
Qh4 26. Qc2 Rf4 27. Bg2 Rcf8 28. Rad1 Rg4 $1 {[%cal Gg3h5,Gh5f4]} (28... R8f5
$143 $6 29. Re5 $1 Rf2 30. Qxf2 Rxf2 31. Kxf2 Ne4+ 32. Kg1 Qf2+ 33. Kh2 $11)
29. Rd3 Nh5 30. Rxe6 $1 Nf4 (30... Rxg2+ 31. Qxg2 Nf4 32. Qg3 Qxg3+ 33. Rxg3
Nxe6 34. d5 cxd5 35. cxd5 Ng5 36. Rc3 $15) 31. Re4 Rxg2+ 32. Qxg2 Nxg2 33. Rxh4
Nxh4 34. d5 $15 {with a good drawish chances.}) 25... Nxe4 26. Qxe4 Qg5+ 27.
Kh1 Rf6 $1 $19 {White is completely helpless and cannot avoid a loss of
material.} ({Less convincing would be:} 27... Rf2 $143 28. Qxe6+ Kh7 29. Qh3
Rxb2 30. Rg1 Qf4 31. Rae1 $17) 28. Rd3 Rcf8 ({After} 28... Rcf8 29. Qg2 (29.
Qe3 Qh4+ 30. Qh3 Qe4+ 31. Kh2 (31. Kg1 Rg6+ $19) 31... Qe2+ $19) 29... Qxg2+
30. Kxg2 Rf2+ 31. Kg3 Rxb2 32. Re1 Rf6 $19 {the rook's endgame is completely
hopeless for white.}) 0-1